| 000 | 02117nam a2200613 4500 | ||
|---|---|---|---|
| 001 | 22782 | ||
| 003 | SK-KTurca | ||
| 005 | 20260423131632.0 | ||
| 008 | 211104s2021 xo o g n 000 0 slo d | ||
| 020 |
_a9788089694839 _q(viazané) |
||
| 035 | _aa000696321 | ||
| 040 |
_aSVKPO _bslo _cSVKPO _dUKB _erda |
||
| 041 | 1 |
_aslo _aeng _hslo |
|
| 043 | _ae-xo--- | ||
| 044 |
_axo _cSK |
||
| 072 | 7 |
_a913(4) _xGeografia Európy, reálie, cestovanie _2konspekt |
|
| 072 | 7 |
_a502 _xŽivotné prostredie a jeho ochrana _2konspekt |
|
| 080 |
_a502.2 _22011 |
||
| 080 |
_a591.9 _22011 |
||
| 080 |
_a581.9 _22011 |
||
| 080 |
_a913(437.6) _22011 |
||
| 080 |
_a(437.6) _22011 |
||
| 080 |
_a(234.372) _22011 |
||
| 080 |
_a(036) _22011 |
||
| 080 |
_a(084.12) _22011 |
||
| 080 |
_a(0.027)=030 _22011 |
||
| 100 | 1 |
_aFarský, Ján _4aut _4pht |
|
| 245 | 1 | 0 |
_aTuriec medzi Fatrami _cJán Farský ; autori fotografií: Ján Farský, Mário Veverka ; preklad Juraj Valko |
| 246 | 3 | 1 | _aTuriec between Fatra mountains |
| 264 | 1 |
_aTurany _bP+M _c[2021] |
|
| 300 |
_a169 strán _bfarebné ilustrácie _c23 x 23 cm |
||
| 336 |
_atext _btxt _2rdacontent |
||
| 336 |
_astatický obraz _bsti _2rdacontent |
||
| 337 |
_abez média _bn _2rdamedia |
||
| 338 |
_azväzok _bnc _2rdacarrier |
||
| 500 | _aRok vydania podľa NA ISBN | ||
| 504 | _aObsahuje bibliografiu | ||
| 546 | _aSúbežný názov a text v angličtine | ||
| 650 | 0 | 7 |
_apríroda _zSlovensko _2UKBPH |
| 650 | 0 | 7 |
_afauna _zSlovensko _2UKBPH |
| 650 | 0 | 7 |
_aflóra _zSlovensko _2UKBPH |
| 650 | 0 | 7 |
_apešia turistika _zSlovensko _2UKBPH |
| 651 | 7 |
_aTuriec (Slovensko : región) _2UKBPH |
|
| 651 | 7 |
_aMalá Fatra (Slovensko : pohorie) _2UKBPH |
|
| 651 | 7 |
_aVeľká Fatra (Slovensko : pohorie) _2UKBPH |
|
| 651 | 7 |
_aTurčianska kotlina (Slovensko) _2UKBPH |
|
| 655 | 7 |
_ainformačné publikácie _2UKBPH |
|
| 655 | 7 |
_afotografické publikácie _2UKBPH |
|
| 655 | 7 |
_advojjazyčné vydania _2UKBPH |
|
| 700 | 1 |
_aVeverka, Mário, _d1975- _4pht |
|
| 700 | 1 |
_aValko, Juraj _4trl |
|
| 942 |
_2ddc _cOLDO _n0 |
||
| 980 | _aTlačiareň P+M, s.r.o., Budovateľská 1672/16, 038 53 Turany | ||
| 999 |
_c22782 _d22782 |
||